Icons Unmasked Quiz Stats

 Plays Quiz Updated Jan 31, 2016

Also try: Movies By Doll
Challenge
Share
Tweet
Score 0/20 Timer 07:00
10 Plays Today
% Correct
Waldo/Nemo
99.7%
Garfield/Grumpy Cat
99.1%
Woody/Chucky
98.2%
Mr. Burns/Donald Trump
97.3%
The Joker/Ronald McDonald
97.3%
Homer Simpson/Peter Griffin
97.3%
Sonic the Hedgehog/The Flash
96.4%
The Grinch/Jack Skellington
96.1%
Dennis the Menace/Bart Simpson
96.1%
Tweety Bird/Big Bird
95.5%
% Correct
Pluto/Odie
94.4%
Ralph Wiggum/Patrick Starr
90.5%
Scrooge McDuck/Mr. Krabs
90.5%
Nibbler/Stitch
90%
Betty Boop/Jessica Rabbit
89.9%
Gizmo/Furby
89.6%
Tommy/Stewie
88.7%
Pikachu/Goku
88.1%
Sub-Zero/Elsa
86.1%
Count von Count/Edward Cullen
84.7%

You're not logged in!

Compare scores with friends on all Sporcle quizzes.
OR
Log In

You Might Also Like...

Show Comments

Extras

Top Quizzes Today


Score Distribution

Your Account Isn't Verified!

In order to create a playlist on Sporcle, you need to verify the email address you used during registration. Go to your Sporcle Settings to finish the process.

Report this User

Report this user for behavior that violates our Community Guidelines.

Details: